| Tag |
First Indicator |
Second Indicator |
Subfields |
| LEADER |
00000cam a22000001 4500 |
| 001 |
in00000031717 |
| 005 |
20191104100628.0 |
| 008 |
750915t19531953mau 000 f eng |
| 010 |
|
|
|a 54005108
|
| 035 |
|
|
|a (OCoLC)ocm01626602
|
| 035 |
|
|
|a (OCoLC)01626602
|
| 035 |
|
|
|9 AAD6524AM
|
| 040 |
|
|
|a DLC
|b eng
|c DLC
|d DZM
|d BTCTA
|d GAP
|d OCLCO
|d OCLCF
|d OCLCQ
|d NLC
|d OCLCQ
|d J9U
|d OCLCQ
|d TXA
|
| 015 |
|
|
|a 771040431
|2 can
|
| 016 |
|
|
|a (AMICUS)000002674375
|
| 035 |
|
|
|a (OCoLC)1626602
|
| 042 |
|
|
|a premarc
|
| 043 |
|
|
|a n-us---
|
| 050 |
0 |
0 |
|a PZ4.B974
|a PS3503.U692
|
| 082 |
1 |
4 |
|a Fic
|b B9737s
|
| 084 |
|
|
|a cci1icc
|2 lacc
|
| 084 |
|
|
|a coll1
|2 lacc
|
| 090 |
|
|
|a PS3503.U68995
|b S36 1953
|
| 090 |
|
|
|a PS3503.U692
|b S36 1953
|
| 049 |
|
|
|a TXAM
|
| 100 |
1 |
|
|a Burt, Nathaniel,
|d 1913-2003.
|
| 245 |
1 |
0 |
|a Scotland's burning /
|c Nathaniel Burt.
|
| 250 |
|
|
|a First edition.
|
| 264 |
|
1 |
|a Boston :
|b Little, Brown and Company,
|c [1953]
|
| 264 |
|
4 |
|c ©1953
|
| 300 |
|
|
|a 300 pages
|c 21 cm
|
| 336 |
|
|
|a text
|b txt
|2 rdacontent
|
| 337 |
|
|
|a unmediated
|b n
|2 rdamedia
|
| 338 |
|
|
|a volume
|b nc
|2 rdacarrier
|
| 520 |
|
|
|a About a sensitive boy and his hatred for the private school he attends in Pennsylvania.
|
| 500 |
|
|
|a The Cushing Library/Women & Gender Studies copy was acquired as part of The Don Kelly Research Collection of Gay Literature and Culture.
|5 TXA
|
| 650 |
|
0 |
|a Teachers
|v Fiction.
|
| 650 |
|
0 |
|a Students
|z United States
|v Fiction.
|
| 650 |
|
7 |
|a Students.
|2 fast
|0 (OCoLC)fst01136041
|
| 650 |
|
7 |
|a Teachers.
|2 fast
|0 (OCoLC)fst01144248
|
| 651 |
|
7 |
|a United States.
|2 fast
|0 (OCoLC)fst01204155
|
| 776 |
0 |
8 |
|i Online version:
|a Burt, Nathaniel, 1913-
|t Scotland's burning.
|b [1st ed.].
|d Boston, Little, Brown [1953]
|w (OCoLC)612984849
|
| 994 |
|
|
|a C0
|b TXA
|
| 948 |
|
|
|a updated
|b h
|c 2019/11/4
|d c
|e nbehmer
|f 9:59:56 am
|
| 999 |
f |
f |
|s 10ba8a70-58a9-3019-bc97-ce4e68cb3fba
|i b1821124-095a-30a1-963c-833626a2bd9b
|t 0
|
| 952 |
f |
f |
|p ric
|a Texas A&M University
|b Rellis Campus
|c Joint Library Facility
|s JLF
|d Remote Storage
|t 0
|e PS3503.U68995 S36 1953
|h Library of Congress classification
|i unmediated -- volume
|m A14801230752
|
| 998 |
f |
f |
|a PS3503.U68995 S36 1953
|t 0
|l Remote Storage
|